[Event "22nd Hogeschool Zeeland 2018"]
[Site "Vlissingen"]
[Date "2018.08.07"]
[Round "5"]
[White "Ijzermans, Cees"]
[Black "Warmerdam, Max"]
[Result "1/2-1/2"]
[WhiteElo "2142"]
[BlackElo "2421"]
[Annotator "TA"]
[PlyCount "110"]
[EventDate "2018.08.04"]
[EventType "swiss"]
[EventCountry "NED"]
[SourceTitle "playchess.com"]
[Source "ChessBase"]
[SourceQuality "1"]

{[%evp 15,110,0,0,0,1,2,1,0,6,-2,0,-12,-2,-8,0,-3,0,-28,-18,-28,10,10,10,0,0,0,11,18,27,-30,-38,-43,-40,-33,-36,-39,-36,-30,-18,-30,0,0,-4,-22,0,0,0,0,0,0,0,0,22,0,30,8,9,10,47,45,42,41,49,45,43,19,20,20,25,21,26,22,22,22,22,22,23,22,22,10,23,8,8,8,8,8,8,8,8,8,8,8,8,8,8,8,8]} 1. Nf3 Nf6 2. c4 g6 3. Nc3 Bg7 4. e4 d6 5. g3 (5. d4 O-O 6. Be2 e5 7. O-O Nc6 8. d5 Ne7 9. Ne1 Nd7 10. f3 f5 11. Be3 f4 12. Bf2 g5 13. Rc1 Ng6 14. c5 Nxc5 15. b4 Na6 16. Nb5 b6 17. Nd3 Rf7 18. Rc3 h5 19. h3 Bf6 20. Be1 Qd7 21. Nf2 Bd8 22. Qb3 Nb8 23. Bd2 a6 24. Na3 {0-1 (51) So,W (2778)-Grischuk,A (2766) Paris 2018}) 5... O-O 6. Bg2 {A16: Englische Eröffnung} Nc6 7. O-O Bg4 8. h3 Bxf3 {LiveBook: 3 Partien} 9. Qxf3 Nd4 10. Qd1 Nd7 11. d3 c5 12. f4 e6 13. Kh1 $146 ({Vorgänger:} 13. Rb1 Nb8 14. Kh1 Nbc6 15. a3 a6 16. b4 cxb4 17. axb4 b5 18. Bd2 Qe7 19. Re1 {0-1 (47) Nukin,T (2208)-Kakageldyev,A (2384) Opatija 2013}) 13... a6 14. Be3 b5 15. cxb5 Nxb5 16. Nxb5 axb5 17. d4 Rc8 18. dxc5 Nxc5 19. Qe2 Qa5 20. f5 Qb4 21. f6 Bh8 22. Bxc5 (22. Bg5 $142) 22... Qxc5 $11 23. Rf2 Qe5 24. Qf3 Rc4 25. Qf4 Qxf4 26. Rxf4 Rc2 27. Rd1 Rxb2 28. Rxd6 e5 29. Rf1 Rxa2 30. g4 h6 31. h4 Rb8 32. g5 b4 33. Rfd1 Raa8 34. Rb1 b3 35. Rb2 Ra2 36. Rdd2 Ra4 37. Rd3 {[%mdl 1024] Weiss hat Kompensation.} Rab4 38. Kg1 R8b7 39. Kf2 R7b6 40. Rd8+ Kh7 41. Rd7 hxg5 42. hxg5 Bxf6 43. gxf6 Rxf6+ 44. Ke3 Kg7 45. Re7 Rc6 46. Rxe5 Rc3+ 47. Ke2 Rbc4 {[#] ...Tc2+ ist eine echte Drohung.} 48. Rd5 Rc2+ {Die Stellung ist ausgeglichen.} 49. Rd2 Rxb2 50. Rxb2 Rc2+ 51. Rxc2 bxc2 {KL-K3B} 52. Kd2 {[#] Und e5 würde nun gewinnen.} Kf6 53. Kxc2 Ke5 54. Kd3 f5 55. exf5 gxf5 {Precision: Weiß = 67%, Schwarz = 68%.} 1/2-1/2

[Event "22nd Hogeschool Zeeland 2018"]
[Site "Vlissingen"]
[Date "2018.08.07"]
[Round "5"]
[White "Boelhouwer, Collin"]
[Black "Van Delft, Merijn"]
[Result "1/2-1/2"]
[WhiteElo "2128"]
[BlackElo "2395"]
[Annotator "NA"]
[PlyCount "52"]
[EventDate "2018.08.04"]
[EventType "swiss"]
[EventCountry "NED"]
[SourceTitle "playchess.com"]
[Source "ChessBase"]
[SourceQuality "1"]
[TimeControl "40/5400+30:1800+30"]

1. e4 {[%emt 0:00:00]} g6 {[%emt 0:05:24]} 2. d4 {[%emt 0:00:00]} Bg7 {[%emt 0:00:23]} 3. Nc3 {[%emt 0:00:00]} a6 {[%emt 0:00:25]} 4. a4 {[%emt 0:01:05]} b6 {[%emt 0:00:43]} 5. Be3 {[%emt 0:01:39]} Bb7 {[%emt 0:03:02]} 6. Qd2 {[%emt 0:00:52]} d6 {[%emt 0:01:25]} 7. Bc4 {[%emt 0:08:17]} e6 {[%emt 0:02:57]} 8. f3 {[%emt 0:03:03]} Nf6 {[%emt 0:04:36]} 9. h4 {[%emt 0:04:58]} h6 {[%emt 0:03:03]} 10. Nge2 {[%emt 0:02:29]} d5 {[%emt 0:04:58]} 11. Bd3 {[%emt 0:04:41]} dxe4 {[%emt 0:05:32]} 12. Nxe4 {[%emt 0:01:17]} Nd5 {[%emt 0:01:21]} 13. Bf2 {[%emt 0:05:03]} Nc6 {[%emt 0:01:34]} 14. c3 {[%emt 0:03:17]} Qe7 {[%emt 0:06:08]} 15. O-O {[%emt 0:07:19]} O-O {[%emt 0:02:57]} 16. Nf4 {[%emt 0:04:55]} Nxf4 {[%emt 0:05:01]} 17. Qxf4 {[%emt 0:00:27]} e5 {[%emt 0:02:35]} 18. dxe5 {[%emt 0:01:08]} Qxe5 {[%emt 0:00:24]} 19. Bg3 {[%emt 0:02:54]} Qxf4 {[%emt 0:00:33]} 20. Bxf4 {[%emt 0:00:07]} Ne5 {[%emt 0:00:10]} 21. Bc2 {[%emt 0:01:31]} f5 {[%emt 0:05:22]} 22. Nd2 {[%emt 0:03:00]} c5 {[%emt 0:02:00]} 23. Rfe1 {[%emt 0:02:32]} Rae8 {[%emt 0:01:23]} 24. Re3 {[%emt 0:03:15]} Bc6 {[%emt 0:02:22]} 25. Rae1 {[%emt 0:01:49]} Nf7 {[%emt 0:00:21]} 26. Rxe8 {[%emt 0:13:23]} Rxe8 {[%emt 0:00:11]} 1/2-1/2

[Event "22nd Hogeschool Zeeland 2018"]
[Site "Vlissingen"]
[Date "2018.08.07"]
[Round "5"]
[White "Boulahfa, Hicham"]
[Black "Rajesh, VAV"]
[Result "0-1"]
[WhiteElo "2074"]
[BlackElo "2325"]
[Annotator "TA"]
[PlyCount "134"]
[EventDate "2018.08.04"]
[EventType "swiss"]
[EventCountry "NED"]
[SourceTitle "playchess.com"]
[Source "ChessBase"]
[SourceQuality "1"]

{[%evp 18,134,7,0,0,0,0,-12,-6,-12,0,0,0,-90,-92,-77,-79,-129,-127,-175,-170,-150,-142,-141,0,0,0,0,0,0,0,-6,0,-20,-13,-87,-79,-106,-109,-108,-106,-104,-90,-93,-96,-106,-119,-108,-114,-98,-91,-108,-71,-83,-51,-50,-8,-8,-8,-71,-71,-81,-81,-81,-81,-81,0,0,0,-8,0,0,0,0,0,-8,-14,-21,-21,-21,-21,-21,0,0,0,0,0,-174,-164,-236,-225,-187,-8,-5093,-4206,-29970,-29971,-29971,-29972,-29971,-29973,-29973,-29974,-29974,-29975,-29973,-29970,-29977,-29978,-29978,-29978,-29979,-29980,-29980,-29981,-29981,-29982,-29982,-29983]} 1. e4 e5 2. Nf3 Nc6 3. Bc4 Bc5 4. c3 Nf6 5. d3 d6 6. O-O h6 7. Re1 O-O 8. Bb3 a5 {C54: Giuoco Piano: 4 c3 Nf6, main lines with 5 d4 and 5 d3} 9. Nbd2 Be6 (9... Ba7 10. Nf1 Ne7 11. Ng3 Ng6 12. h3 Re8 13. d4 b5 14. Be3 a4 15. Bc2 Be6 16. Qd2 {1-0 (47) Aronian,L (2767)-Caruana,F (2822) chess.com INT 2018}) 10. Nf1 {LiveBook: 4 Games} Bxb3 {The position is equal.} 11. Qxb3 Qd7 12. Ng3 a4 13. Qc2 d5 $146 ({Predecessor:} 13... Ng4 14. Re2 Rfd8 15. h3 Nf6 16. Bd2 {0-1 (49) Kaliadzich,M (1950)-Kovaleva,E (2066) Minsk 2013}) 14. exd5 Qxd5 15. Nxe5 (15. Be3 $11 Bxe3 16. Rxe3) 15... Nxe5 $17 16. d4 Rfe8 17. dxe5 Ng4 18. Nh1 Rxe5 {[%cal Re5e1]} 19. Bf4 Rxe1+ $1 20. Rxe1 Bb6 ({Black should try} 20... Qxa2 $17 {Threatens to win with ...a3.} 21. h3 Nf6) 21. h3 $11 {Strongly threatening c4.} Nf6 $40 {[%mdl 128] White needs to defend precisely.} 22. c4 Qc6 23. Ng3 Bc5 24. Ne4 Bd4 25. Re2 Bxb2 26. Qxb2 (26. Bxc7 $1 $11 a3 27. Nxf6+ Bxf6 28. Be5) 26... Nxe4 $17 27. Qd4 Nc5 28. Qd5 Ne6 29. Qxc6 bxc6 {[%mdl 4096] Endgame KRB-KRN} 30. Be5 Rd8 31. Kf1 f6 32. Bc3 Kf7 33. Rd2 Rd6 34. Ke2 Ke7 35. Ke3 Kd7 36. f4 Rxd2 (36... c5 {feels hotter.} 37. Ke4 Ke7 38. g4 Nd8 39. h4 Re6+) 37. Bxd2 $15 {KB-KN} f5 38. Bc3 (38. Kd3 $11 {remains equal.}) 38... g6 39. Be5 h5 40. Kd3 c5 $1 41. Kc3 g5 (41... Kc6 $17) 42. fxg5 $11 Nxg5 43. Bf4 Ne4+ 44. Kb2 Kc6 45. Ka3 Nc3 46. Be5 Nb1+ 47. Kb2 Nd2 48. Kc3 Ne4+ 49. Kb2 Kd7 50. Bf4 Nf2 51. Ka3 Nd3 52. Be3 $2 (52. Bg3 $11 {and White has nothing to worry.}) 52... Ne1 $1 $19 {[%cal Re1c2]} 53. Kxa4 (53. Bxc5 $142 Nxg2 54. Kxa4) 53... Nxg2 54. Bxc5 Kc6 $2 (54... Nf4 $19 55. Kb3 Nxh3) 55. Bg1 $2 {[%mdl 8192]} (55. Bd4 $11) 55... Nf4 56. h4 {[#]} Nh3 $1 {[%cal Rh3g1] Black mates.} 57. Ba7 f4 58. Kb4 f3 59. Kc3 f2 60. Bxf2 Nxf2 {KN-K3P} 61. Kd4 Kb6 62. a4 c5+ 63. Ke3 Nd1+ 64. Kf4 Ka5 65. Kg5 Ne3 66. Kxh5 Nf5 67. Kg5 {[#]} Nxh4 $1 {[%mdl 512] Precision: White = 45%, Black = 70%.} 0-1

[Event "22nd Hogeschool Zeeland 2018"]
[Site "Vlissingen"]
[Date "2018.08.08"]
[Round "5"]
[White "Van Liempt, Michael"]
[Black "Ree, Hans"]
[Result "1/2-1/2"]
[WhiteElo "2068"]
[BlackElo "2303"]
[Annotator "ChessBase"]
[PlyCount "261"]
[EventDate "2018.08.04"]
[EventType "swiss"]
[EventCountry "NED"]
[SourceTitle "playchess.com"]
[Source "ChessBase"]
[SourceQuality "1"]
[TimeControl "40/5400+30:1800+30"]

1. d4 {[%emt 0:00:00]} e6 {[%emt 0:00:00]} 2. c4 {[%emt 0:00:36]} b6 {[%emt 0:00:21]} 3. Nc3 {[%emt 0:00:53]} Bb4 {[%emt 0:00:17]} 4. Nf3 {[%emt 0:00:56]} Bb7 {[%emt 0:00:41]} 5. e3 {[%emt 0:03:14]} f5 {[%emt 0:00:30]} 6. Be2 {[%emt 0:03:06]} Nf6 {[%emt 0:00:19]} 7. O-O {[%emt 0:00:59]} O-O {[%emt 0:00:11]} 8. Nd2 {[%emt 0:06:15]} c5 {[%emt 0:02:32]} 9. Bf3 {[%emt 0:01:27]} Nc6 {[%emt 0:02:10]} 10. a3 {[%emt 0:03:16]} Bxc3 {[%emt 0:00:12]} 11. bxc3 {[%emt 0:00:21]} d6 {[%emt 0:04:32]} 12. Re1 {[%emt 0:04:00]} e5 {[%emt 0:08:56]} 13. Nb3 {[%emt 0:09:34]} Qc7 {[%emt 0:04:48]} 14. a4 {[%emt 0:04:58]} a5 {[%emt 0:04:37]} 15. Rb1 {[%emt 0:02:21]} Rae8 {[%emt 0:01:34]} 16. d5 {[%emt 0:07:11]} Ne7 {[%emt 0:00:58]} 17. e4 {[%emt 0:01:03]} fxe4 {[%emt 0:00:52]} 18. Bxe4 {[%emt 0:00:24]} Nxe4 {[%emt 0:00:15]} 19. Rxe4 {[%emt 0:00:22]} Bc8 {[%emt 0:00:14]} 20. Rb2 {[%emt 0:02:00]} Bf5 {[%emt 0:00:51]} 21. Re1 {[%emt 0:00:41]} Ng6 {[%emt 0:01:42]} 22. Be3 {[%emt 0:07:50]} h6 {[%emt 0:03:23]} 23. Nc1 {[%emt 0:01:35]} Rb8 {[%emt 0:01:14]} 24. Ne2 {[%emt 0:00:43]} e4 {[%emt 0:03:56]} 25. Bf4 {[%emt 0:04:31]} Qe7 {[%emt 0:01:45]} 26. Qc1 {[%emt 0:02:04]} Bd7 {[%emt 0:04:15]} 27. Qe3 {[%emt 0:02:48]} Bxa4 {[%emt 0:07:02]} 28. Reb1 {[%emt 0:01:45]} Nh4 {[%emt 0:04:29]} 29. Rxb6 {[%emt 0:03:39]} Rxb6 {[%emt 0:00:13]} 30. Rxb6 {[%emt 0:00:12]} Nf5 {[%emt 0:00:12]} 31. Qc1 {[%emt 0:00:53]} Qf6 {[%emt 0:03:26]} 32. Ng3 {[%emt 0:03:04]} Nh4 {[%emt 0:04:14]} 33. Be3 {[%emt 0:02:11]} Be8 {[%emt 0:01:45]} 34. Nxe4 {[%emt 0:05:16]} Qg6 {[%emt 0:00:25]} 35. Ng3 {[%emt 0:00:18]} a4 {[%emt 0:00:59]} 36. Bxc5 {[%emt 0:00:59]} Rf6 {[%emt 0:01:39]} 37. Bd4 {[%emt 0:00:36]} Rf5 {[%emt 0:01:06]} 38. Qa3 {[%emt 0:03:12]} Rf8 {[%emt 0:32:25]} 39. Qxd6 {[%emt 0:01:14]} Qd3 {[%emt 0:00:00]} 40. Qe6+ {[%emt 0:00:58]} Bf7 {[%emt 0:00:00]} 41. Qe2 {[%emt 0:30:32]} Qxe2 {[%emt 0:01:10]} 42. Nxe2 {[%emt 0:03:57]} Ra8 {[%emt 0:00:47]} 43. Rb2 {[%emt 0:06:17]} a3 {[%emt 0:02:03]} 44. Ra2 {[%emt 0:00:24]} Ra4 {[%emt 0:00:35]} 45. f3 {[%emt 0:02:15]} Nf5 {[%emt 0:00:31]} 46. Bc5 {[%emt 0:00:49]} Rxc4 {[%emt 0:01:44]} 47. Bb4 {[%emt 0:00:00]} Bxd5 {[%emt 0:00:00]} 48. Rxa3 {[%emt 0:00:00]} Rc8 {[%emt 0:00:00]} 49. Ra5 {[%emt 0:00:00]} Be6 {[%emt 0:00:00]} 50. Nf4 {[%emt 0:00:00]} Bd7 {[%emt 0:00:00]} 51. Rd5 {[%emt 0:00:00]} Rc7 {[%emt 0:00:00]} 52. Kf2 {[%emt 0:00:00]} g5 {[%emt 0:00:00]} 53. Nd3 {[%emt 0:00:00]} Be6 {[%emt 0:00:00]} 54. Rd8+ {[%emt 0:00:00]} Kg7 {[%emt 0:00:00]} 55. Nc5 {[%emt 0:00:00]} Bf7 {[%emt 0:00:00]} 56. Ne4 {[%emt 0:00:00]} Ra7 {[%emt 0:00:00]} 57. Rd2 {[%emt 0:00:00]} Ra1 {[%emt 0:00:00]} 58. Nd6 {[%emt 0:00:00]} Nxd6 {[%emt 0:00:00]} 59. Rxd6 {[%emt 0:00:00]} Ra2+ {[%emt 0:00:00]} 60. Kg3 {[%emt 0:00:00]} Bc4 {[%emt 0:00:00]} 61. h4 {[%emt 0:00:00]} gxh4+ {[%emt 0:00:00]} 62. Kxh4 {[%emt 0:00:00]} Rxg2 {[%emt 0:00:00]} 63. Bc5 {[%emt 0:00:00]} Be2 {[%emt 0:00:00]} 64. Bd4+ {[%emt 0:00:00]} Kh7 {[%emt 0:00:00]} 65. Rf6 {[%emt 0:00:00]} Rg6 {[%emt 0:00:00]} 66. Rf8 {[%emt 0:00:40]} Rg5 {[%emt 0:00:00]} 67. f4 {[%emt 0:00:50]} Rh5+ {[%emt 0:01:38]} 68. Kg3 {[%emt 0:00:17]} Bd3 {[%emt 0:00:12]} 69. Kg4 {[%emt 0:02:46]} Be2+ {[%emt 0:00:08]} 70. Kg3 {[%emt 0:00:05]} Bd3 {[%emt 0:00:53]} 71. Be5 {[%emt 0:01:00]} Rf5 {[%emt 0:02:10]} 72. Rd8 {[%emt 0:00:41]} Bc4 {[%emt 0:03:12]} 73. Rc8 {[%emt 0:00:43]} Be6 {[%emt 0:00:11]} 74. Rc6 {[%emt 0:00:23]} Bd5 {[%emt 0:00:25]} 75. Rd6 {[%emt 0:00:38]} Bc4 {[%emt 0:00:50]} 76. Rd4 {[%emt 0:00:20]} Be6 {[%emt 0:02:49]} 77. c4 {[%emt 0:00:35]} Rh5 {[%emt 0:00:14]} 78. c5 {[%emt 0:00:15]} Rh3+ {[%emt 0:03:29]} 79. Kf2 {[%emt 0:00:47]} Rh2+ {[%emt 0:00:07]} 80. Ke3 {[%emt 0:00:27]} Rc2 {[%emt 0:00:24]} 81. Bd6 {[%emt 0:00:31]} Kg6 {[%emt 0:01:56]} 82. Rd1 {[%emt 0:01:20]} h5 {[%emt 0:03:38]} 83. Rg1+ {[%emt 0:00:41]} Kf6 {[%emt 0:01:13]} 84. Be5+ {[%emt 0:00:42]} Kf7 {[%emt 0:01:25]} 85. Rg7+ {[%emt 0:00:40]} Kf8 {[%emt 0:00:36]} 86. Rh7 {[%emt 0:01:18]} Kg8 {[%emt 0:03:20]} 87. Rh6 {[%emt 0:01:06]} Kf7 {[%emt 0:01:45]} 88. f5 {[%emt 0:00:50]} Bxf5 {[%emt 0:02:45]} 89. Rf6+ {[%emt 0:00:25]} Ke7 {[%emt 0:00:06]} 90. Rxf5 {[%emt 0:00:13]} Ke6 {[%emt 0:00:23]} 91. Rxh5 {[%emt 0:00:19]} Rxc5 {[%emt 0:00:11]} 92. Ke4 {[%emt 0:00:22]} Rc4+ {[%emt 0:00:48]} 93. Bd4 {[%emt 0:00:09]} Rc6 {[%emt 0:00:28]} 94. Rg5 {[%emt 0:00:47]} Kd6 {[%emt 0:00:46]} 95. Re5 {[%emt 0:01:09]} Rc1 {[%emt 0:00:34]} 96. Rd5+ {[%emt 0:00:23]} Ke6 {[%emt 0:00:02]} 97. Rb5 {[%emt 0:00:19]} Re1+ {[%emt 0:00:31]} 98. Be3 {[%emt 0:00:08]} Rd1 {[%emt 0:00:25]} 99. Ra5 {[%emt 0:00:09]} Rd6 {[%emt 0:00:57]} 100. Rh5 {[%emt 0:00:19]} Rc6 {[%emt 0:00:28]} 101. Bc5 {[%emt 0:00:36]} Kf7 {[%emt 0:01:39]} 102. Kd5 {[%emt 0:00:18]} Rg6 {[%emt 0:00:36]} 103. Bd4 {[%emt 0:00:23]} Ra6 {[%emt 0:01:14]} 104. Rh7+ {[%emt 0:00:56]} Kg6 {[%emt 0:00:09]} 105. Rg7+ {[%emt 0:00:10]} Kf5 {[%emt 0:00:16]} 106. Rf7+ {[%emt 0:00:15]} Kg6 {[%emt 0:00:08]} 107. Rf1 {[%emt 0:00:12]} Ra5+ {[%emt 0:01:05]} 108. Ke4 {[%emt 0:00:15]} Ra4 {[%emt 0:01:20]} 109. Rf6+ {[%emt 0:00:24]} Kg5 {[%emt 0:00:09]} 110. Rf7 {[%emt 0:00:33]} Kg6 {[%emt 0:01:00]} 111. Rg7+ {[%emt 0:00:09]} Kh6 {[%emt 0:00:30]} 112. Rg1 {[%emt 0:00:09]} Kh5 {[%emt 0:00:43]} 113. Rg2 {[%emt 0:00:33]} Kh6 {[%emt 0:01:13]} 114. Ke5 {[%emt 0:00:16]} Ra5+ {[%emt 0:03:36]} 115. Ke6 {[%emt 0:00:16]} Rb5 {[%emt 0:02:16]} 116. Be5 {[%emt 0:00:20]} Rb1 {[%emt 0:01:30]} 117. Kf7 {[%emt 0:01:34]} Kh5 {[%emt 0:01:27]} 118. Bf6 {[%emt 0:00:26]} Rb7+ {[%emt 0:00:39]} 119. Ke6 {[%emt 0:01:02]} Rb1 {[%emt 0:00:57]} 120. Be5 {[%emt 0:00:52]} Rf1 {[%emt 0:00:11]} 121. Rg8 {[%emt 0:00:24]} Kh4 {[%emt 0:00:37]} 122. Rg7 {[%emt 0:01:15]} Kh3 {[%emt 0:00:20]} 123. Kd5 {[%emt 0:01:08]} Rf2 {[%emt 0:01:20]} 124. Ke4 {[%emt 0:00:15]} Rg2 {[%emt 0:00:34]} 125. Rh7+ {[%emt 0:00:24]} Kg4 {[%emt 0:00:01]} 126. Bf4 {[%emt 0:00:17]} Re2+ {[%emt 0:00:28]} 127. Be3 {[%emt 0:00:11]} Rg2 {[%emt 0:00:07]} 128. Rh8 {[%emt 0:00:37]} Kg3 {[%emt 0:01:00]} 129. Rh1 {[%emt 0:01:46]} Kg4 {[%emt 0:00:16]} 130. Rh6 {[%emt 0:00:58]} Kg3 {[%emt 0:00:16]} 131. Bf4+ {[%emt 0:00:37]} 1/2-1/2

[Event "22nd Hogeschool Zeeland 2018"]
[Site "Vlissingen"]
[Date "2018.08.07"]
[Round "5"]
[White "Advait, Bagri"]
[Black "Grochal, Joey"]
[Result "0-1"]
[WhiteElo "1926"]
[BlackElo "2300"]
[Annotator "NA"]
[PlyCount "52"]
[EventDate "2018.08.04"]
[EventType "swiss"]
[EventCountry "NED"]
[SourceTitle "playchess.com"]
[Source "ChessBase"]
[SourceQuality "1"]
[TimeControl "40/5400+30:1800+30"]

1. e4 {[%emt 0:04:22]} c5 {[%emt 0:00:00]} 2. Nf3 {[%emt 0:00:19]} e6 {[%emt 0:00:00]} 3. b3 {[%emt 0:00:06]} d5 {[%emt 0:02:02]} 4. exd5 {[%emt 0:00:11]} exd5 {[%emt 0:00:20]} 5. Bb5+ {[%emt 0:00:10]} Bd7 {[%emt 0:01:23]} 6. Bxd7+ {[%emt 0:00:21]} Qxd7 {[%emt 0:00:55]} 7. O-O {[%emt 0:05:08]} Be7 {[%emt 0:02:37]} 8. Re1 {[%emt 0:02:47]} Nf6 {[%emt 0:02:31]} 9. Qe2 {[%emt 0:02:28]} Nc6 {[%emt 0:00:19]} 10. Ne5 {[%emt 0:00:10]} Nxe5 {[%emt 0:00:13]} 11. Qxe5 {[%emt 0:00:12]} O-O {[%emt 0:01:15]} 12. Bb2 {[%emt 0:05:40]} d4 {[%emt 0:08:02]} 13. Na3 {[%emt 0:02:44]} Bd6 {[%emt 0:03:24]} 14. Qe2 {[%emt 0:01:03]} Rad8 {[%emt 0:06:45]} 15. Nc4 {[%emt 0:09:07]} Bb8 {[%emt 0:04:04]} 16. a4 {[%emt 0:07:50]} Qf5 {[%emt 0:02:56]} 17. Qf3 {[%emt 0:02:12]} Qxf3 {[%emt 0:04:36]} 18. gxf3 {[%emt 0:00:14]} Rd5 {[%emt 0:00:09]} 19. Re7 {[%emt 0:05:35]} Rg5+ {[%emt 0:03:10]} 20. Kh1 {[%emt 0:00:29]} b6 {[%emt 0:11:54]} 21. Rb7 {[%emt 0:13:02]} Nd5 {[%emt 0:05:28]} 22. Re1 {[%emt 0:02:45]} Nf4 {[%emt 0:01:25]} 23. Rbe7 {[%emt 0:01:55]} Nh3 {[%emt 0:02:19]} 24. Rf1 {[%emt 0:00:34]} f5 {[%emt 0:03:39]} 25. Ne5 {[%emt 0:01:26]} Bxe5 {[%emt 0:03:01]} 26. Rxe5 {[%emt 0:00:13]} Rf6 {[%emt 0:00:19]} 0-1

[Event "22nd Hogeschool Zeeland 2018"]
[Site "Vlissingen"]
[Date "2018.08.08"]
[Round "6"]
[White "Mareco, Sandro"]
[Black "Miciano, John Marvin"]
[Result "1-0"]
[WhiteElo "2643"]
[BlackElo "2381"]
[Annotator "TA"]
[PlyCount "115"]
[EventDate "2018.08.04"]
[EventType "swiss"]
[EventCountry "NED"]
[SourceTitle "playchess.com"]
[Source "ChessBase"]
[SourceQuality "1"]

{[%evp 16,115,55,33,45,33,30,9,39,32,37,43,20,17,100,89,108,106,119,112,116,77,92,89,129,135,127,129,167,115,145,96,132,117,156,168,178,171,186,183,194,199,197,155,147,139,139,113,145,115,105,103,125,110,125,125,129,105,164,97,150,147,139,111,193,191,227,219,161,116,256,255,228,257,247,247,264,261,245,241,670,597,2227,2210,29982,29983,29983,29984,29984,29985,29985,29986,29986,29987,29987,29988,29988,29989,29990,29991,29991,29992]} 1. d4 Nf6 2. c4 g6 3. Nf3 Bg7 4. g3 O-O 5. Bg2 c6 6. O-O a6 7. Nc3 d6 8. e4 Bg4 9. Be3 {LiveBook: 3 Games. E62: King's Indian: Fianchetto: 6...c6 and Panno Variation (6...Nc6) without ...a6} (9. h3 Bxf3 10. Qxf3 Nbd7 11. Rd1 Qc7 12. Be3 e5 13. Qe2 h5 14. dxe5 dxe5 15. c5 Rfd8 16. Na4 Rab8 17. b4 Nf8 18. Rxd8 Rxd8 {0-1 (38) Basso,P (2460)-Onischuk,V (2623) Bastia 2017}) 9... b5 10. Qb3 Nbd7 $146 ({Predecessor:} 10... Nfd7 11. Nd2 Nb6 12. a4 bxc4 13. Nxc4 Nxc4 14. Qxc4 a5 15. Rab1 Bc8 16. b4 axb4 17. Qxb4 {½-½ (28) Vasovski,N (2359)-Zueger,B (2448) Ohrid 2001}) 11. Nd2 {[%cal Rc4b5] White has an edge.} e5 12. d5 cxd5 13. cxd5 Nc5 14. Qa3 Qc8 (14... Nb7 $11 {keeps the balance.}) 15. f3 $36 {[%mdl 2048] White is in control.} Bh3 16. b4 Bxg2 17. Kxg2 Ncd7 18. Rac1 Qb8 19. Ne2 Rc8 20. Rxc8+ Qxc8 21. Rc1 Qf8 22. g4 (22. Rc6 $18) 22... Qd8 $16 23. Nb3 Nb6 24. Na5 $1 {[%cal Ra5c6] And now Nc6 would win.} Nfd7 25. Rc6 Bf8 26. Qc1 {Threatens to win with Bxb6.} Na4 27. Ng3 Qb8 28. h4 {[%cal Bh2h4,Bh4h5][%mdl 32]} Nf6 29. Bg5 Ne8 30. h5 Qa7 31. Rc8 {Hoping for Qc6.} Nb6 32. Rxa8 Qxa8 33. Be3 Nc8 34. h6 Be7 35. Nc6 Qb7 36. Nf1 Kf8 (36... Bf8 $16) 37. Nd2 ({Better is} 37. g5 $18) 37... Qd7 (37... Nb6 $142) 38. Qa3 Qb7 39. Nb3 Nf6 (39... Bh4 $16 {was worth a try.}) 40. Qc1 Ke8 41. Nba5 Qc7 42. Qc2 Kf8 (42... Nb6 $16 43. Qd2 Nfd7) 43. a4 $18 bxa4 44. Qxa4 Qd7 {With the idea ...Nxg4.} 45. Qd1 Ne8 46. Qd3 Nc7 47. Qc4 Bd8 $2 (47... Nb5 48. Nb8 Qc7) 48. Nb7 Bh4 49. Nb8 $1 {[%csl LRa6,LRd7]} Qb5 50. Qxc7 {White mates.} Qe2+ 51. Kh3 Qxf3+ 52. Kxh4 {[%cal Rc7d8]} g5+ 53. Bxg5 {[%cal Rc7c8]} Qh1+ 54. Kg3 {[%cal Rc7c8]} Qg1+ 55. Kf3 {[%cal Rc7c8]} Qf1+ {[#]} 56. Ke3 $1 {[%cal Rc7c8]} Qe1+ {[#]} 57. Kd3 $1 {[%cal Rc7c8]} Qd1+ 58. Bd2 {Precision: White = 68%, Black = 46%.} 1-0

[Event "22nd Hogeschool Zeeland 2018"]
[Site "Vlissingen"]
[Date "2018.08.08"]
[Round "6"]
[White "Van Foreest, Jorden"]
[Black "Van der Lende, Ilias"]
[Result "1-0"]
[WhiteElo "2636"]
[BlackElo "2347"]
[Annotator "TA"]
[PlyCount "67"]
[EventDate "2018.08.04"]
[EventType "swiss"]
[EventCountry "NED"]
[SourceTitle "playchess.com"]
[Source "ChessBase"]
[SourceQuality "1"]

{[%evp 16,67,15,-19,18,0,18,0,0,0,6,19,16,9,43,50,60,77,89,84,83,78,83,87,85,80,92,102,99,81,139,143,137,92,183,94,97,64,64,22,19,15,159,189,295,302,273,0,707,706,1351,1045,29984,29970]} 1. e4 e6 2. d4 d5 3. Nc3 Bb4 4. e5 c5 5. a3 Bxc3+ 6. bxc3 Qa5 7. Bd2 Qa4 8. Qg4 Kf8 9. h4 {[%cal Bh2h4,Bh4h5][%mdl 32] LiveBook: 5 Partien. C18: Französische Verteidigung (Nimzowitsch-Variante)} b6 (9... Nc6 10. h5 h6 11. Qd1 cxd4 12. Nf3 dxc3 13. Bxc3 g5 14. hxg6 Qe4+ 15. Be2 Qxg6 16. Qd2 Nge7 17. Bd3 Qxg2 18. Ke2 Qg4 19. Rh4 Qg7 20. Rg1 Ng6 21. Rf4 Nce7 22. Bb4 a5 23. Rxg6 {1-0 (23) Caruana,F (2804)-Lenderman,A (2599) Saint Louis 2018}) 10. h5 $146 ({Vorgänger:} 10. Rh3 Ne7 11. h5 h6 12. Rf3 Nbc6 13. Qf4 Nd8 14. g4 Ba6 15. Bxa6 Qxa6 16. dxc5 bxc5 {½-½ (66) Sanchez,J (2547)-Jurek,J (2260) Imperia 2013}) 10... Qxc2 11. Ne2 {Die Stellung ist ausgeglichen.} h6 12. Rc1 $40 {[%mdl 128] Weiss hat einigen Angriff.} Qe4 (12... Qb2 {looks sharper.} 13. Nf4 Ne7 14. Qd1 Ba6 15. Rb1 Qa2) 13. Qxe4 dxe4 14. Ng3 Bb7 15. Rh4 f5 16. Bc4 Ke7 17. Ne2 {zielt auf Sf4 ab.} Ba6 18. Bxa6 Nxa6 19. g4 cxd4 20. cxd4 Kd7 21. gxf5 exf5 22. d5 Nc5 (22... Ne7 $142) 23. Nf4 $16 {[%mdl 1024] Weiss hat starke Kompensation.} Ne7 24. Rd1 Rac8 (24... Rhg8 $16) 25. Bb4 (25. Rh3 $18) 25... Rhe8 {[#]} 26. Rh3 $1 Ng8 $1 27. e6+ Kd6 28. Rg3 Rc7 {[#]} (28... a5 $1 $11 29. Bd2 (29. Bxc5+ Rxc5 30. Rxg7 Ne7 $11) 29... Ne7) 29. Ng2 $1 {[%cal Rg2e3] Und Se3 würde nun gewinnen.} Rf8 (29... f4 $142 30. Nxf4 Ne7) 30. Ne3 $18 b5 {Mit der Idee ...f4.} 31. Rc1 $2 (31. Nc2 $18 Rcc8 32. Rxg7) 31... f4 $2 {[%mdl 8192] [#]} (31... g5 $11 32. Nc2 Rfc8) 32. Rxg7 $3 {[%mdl 512]} Ne7 {[#]} (32... Rxg7 33. Bxc5+) 33. Rxe7 $1 {[%mdl 512]} Kxe7 (33... Rxe7 34. Bxc5+) 34. Rxc5 {Precision: Weiß = 52%, Schwarz = 29%.} 1-0